banner-ar

ملامح من حضارة الفيوم : (Record no. 61202)

MARC details
000 -الفاتح
حقل البيانات ثابتة الطول 01110nam a22003017a 4500
005 - وقت وتاريخ اخر تعامل مع التسجيلة
رقم الضبط 20240530110448.0
008 - عناصر البيانات ثابتة الطول - معلومات عامة
حقل البيانات ثابتة الطول 150502s2011 ua ao f 000 0 ara d
017 ## - رقم الايداع القانونى
رقم الايداع القانونى 2007/25326
المصدر ( الهيئة المختصة) مصر . دار الكتب المصرية
020 ## - الرقم الدولى المعيارى للكتب
الرقم الدولى المعيارى للكتاب 9789776276925
040 ## - مصدر الفهرسة
وكالة الفهرسة الأصلية EG-CaGPL
082 04 - رقم تصنيف ديوى العشرى
رقم الطبعة 21
رقم التصنيف 916.22
رقم المادة ق/ع م
100 0# - المدخل الرئيسى - إسم شخصى
الإسم الشخصى عائشة التهامى
245 10 - بيان العنوان
العنوان ملامح من حضارة الفيوم :
بقية العنوان القبطية والاسلامية والطبيعية /
بيان المسئوليه,etc عائشة التهامى
300 ## - الوصف المادى
التعداد متعدد :
تفاصيل ماديه اخرى للوعاء صور ؛
أبعاد الوعاء 24 سم .
650 04 - المدخل الاضافى بالموضوع-مصطلح موضوعى
مصطلح موضوعي الاديرة
التقسيم الفرعي العام اثار
650 04 - المدخل الاضافى بالموضوع-مصطلح موضوعى
مصطلح موضوعي الجامع المعلق
650 04 - المدخل الاضافى بالموضوع-مصطلح موضوعى
مصطلح موضوعي مسجد الشيخ على الروبى
650 04 - المدخل الاضافى بالموضوع-مصطلح موضوعى
مصطلح موضوعي عين السلين
650 04 - المدخل الاضافى بالموضوع-مصطلح موضوعى
مصطلح موضوعي محمية وادى الريان
650 04 - المدخل الاضافى بالموضوع-مصطلح موضوعى
مصطلح موضوعي محمية قارون
650 04 - المدخل الاضافى بالموضوع-مصطلح موضوعى
مصطلح موضوعي المحميات الطبيعية
التقسيم الفرعي الجغرافي الفيوم
650 04 - المدخل الاضافى بالموضوع-مصطلح موضوعى
مصطلح موضوعي المساجد
التقسيم الفرعي الجغرافي الفيوم
650 04 - المدخل الاضافى بالموضوع-مصطلح موضوعى
مصطلح موضوعي المساجد
التقسيم الفرعي الجغرافي مصر
650 04 - المدخل الاضافى بالموضوع-مصطلح موضوعى
مصطلح موضوعي الاديرة
التقسيم الفرعي الجغرافي الفيوم
651 04 - المدخل الاضافى بالموضوع - اسم جغرافى
الاسم الجغرافي الفيوم
التقسيم الفرعي العام اثار
942 ## - عناصر المدخل الإضافي( كوها)
مصدر التصنيف او مخطط الترفيف Dewey Decimal Classification
Koha [default] item type كتاب
Holdings
حالة التراجع حالة الفقد حالة تلف ليس للاعارة المكان المؤقت الموقع الحالى تاريخ الاكتساب اجمالي اﻻعارات رقم الطلب الباركود تاريخ اخر مشاهدة تاريخ تفعيل السعر نوع وعاء كوها
        مكتبة القاهرة الكبرى مكتبة القاهرة الكبرى 05/02/2015   916.22 ق/ع م 160437 05/02/2015 05/02/2015 كتاب

Powered By

EGPV